000 00921nam0a22002771 4500
001 rc\3009103
005 20250806200951.0
035 _a(NLR Aleph) 007151752
090 _a4298
_c4298
100 _a20110922d1941 u y0rusy50 ca
101 0 _arus
102 _aRU
105 _aa z |||||
200 1 _aНитроцеллюлозные и водные краски (для кожи)
210 _aМосква
_aЛенинград
_cГизлегпром
_d1941
_eМосква
215 _a344 с.
_cил., черт.
_d22 см
320 _aПредм. указатель: с. 334-42
320 _aБиблиогр.: с. 331-3
700 1 _aШапиро
_bА.Е.
_gАнатолий Ефимович
801 0 _aRU
_bNLR
_gpsbo
801 1 _aRU
_bELAR
_2rusmarc
852 _aNLR
_jТ60 Г-5/2
942 _cBOOK
945 _aРоссийская национальная библиотека
980 _aNB
980 _aBV